000 00603nam a2200205Ia 4500
003 OSt
005 20230412165359.0
008 210423s2007 xx 000 0 und d
020 _a9788126908370
040 _cAL
041 _aeng
082 _a808.5431
_223
_bKUNR
100 _aKUNDU (Rama).
_987427
245 _aAtlantic critical studies E M Forsters a passage to India.
260 _aNew Delhi
_bAtlantic Publishers and Distributors
_c2007
300 _axiv,280
_bHB
365 _b550
_cINR
906 _aAtlantic ; critical ; E ; Forsters ; India. ; M ; passage ; studies
942 _2ddc
_cBK
999 _c157324
_d157324